Detalles MARC
| 000 -LEADER |
| fixed length control field |
01866 am a2200457 a 4500 |
| 005 - FECHA ULTIMA MODIFICACION |
| control field |
20240701101854.0 |
| 008 - CAMPO DE CONTROL (LIBRO) |
| fixed length control field |
100903s1998||||ag # f |||| 001 0 spa d |
| 020 ## - INTERNATIONAL STANDARD BOOK NUMBER |
| ISBN |
9879165071 |
| 041 ## - CODIGO DE IDIOMA |
| Código de idioma del texto/pista de sonido o título separado |
spa |
| 092 ## - SIGNATURA TOPOGRAFICA DEWEY LOCAL |
| número de clasificación |
616.84 |
| libristica |
3 |
| sección |
ALU |
| 245 ## - TITULO PROPIAMENTE DICHO |
| Título |
Alucinar y delirar. |
| Subtítulo y Título paralelo |
T.1 / |
| Mención de responsabilidad y remanente de la transcripción de la portada |
Antoine-Laurent Bayle |
| 250 ## - MENCION DE EDICION |
| Mención de edición |
1a ed. en español |
| Mención de responsabilidad relacionada con la ed. |
Traducción Clara Maranzano. Selección y presentación de textos Juan Carlos Stagnaro. |
| 260 ## - PIE DE IMPRENTA |
| Lugar de publicación, distribución, etc |
Buenos Aires: |
| Nombre de la editorial, distribuidor, etc |
Polemos; |
| Fecha de publicación |
1998. |
| 300 ## - DESCRIPCION FISICA |
| Extension |
208 p. |
| 500 ## - NOTA GENERAL |
| Nota general |
Bayle, A. L. et al. (1998). Alucinar y delirar. T.1 (1a ed.). Buenos Aires : Polemos. |
| 590 ## - NOTAS LOCALES (RLIN) |
| Nota local |
Colección Clásicos de Psiquiatría bajo la dirección de Juan Carlos Stagnaro. |
| 653 ## - TÉRMINO INDIZADO - PALABRAS CLAVES |
| Palabra clave |
Investigaciones sobre la aracnoiditis crónica (1822) |
| 653 ## - TÉRMINO INDIZADO - PALABRAS CLAVES |
| Palabra clave |
haschich y la alineación mental (1845) |
| 653 ## - TÉRMINO INDIZADO - PALABRAS CLAVES |
| Palabra clave |
Lecciones orales sobre las frenopatías |
| 653 ## - TÉRMINO INDIZADO - PALABRAS CLAVES |
| Palabra clave |
Folie a deux (1877) |
| 653 ## - TÉRMINO INDIZADO - PALABRAS CLAVES |
| Palabra clave |
Delirio hipocondríaco en una forma grave de la melancolía ansiosa (1880). Delirio de las negaciones (1882) |
| 653 ## - TÉRMINO INDIZADO - PALABRAS CLAVES |
| Palabra clave |
Génesis de las alucinaciones (1880) |
| 653 ## - TÉRMINO INDIZADO - PALABRAS CLAVES |
| Palabra clave |
Delirio alcohólico no es un delirio, sino un sueño (1881) |
| 653 ## - TÉRMINO INDIZADO - PALABRAS CLAVES |
| Palabra clave |
Evolución y disolución del sistema nervioso (1884) |
| 653 ## - TÉRMINO INDIZADO - PALABRAS CLAVES |
| Palabra clave |
Amentia (1890) |
| 653 ## - TÉRMINO INDIZADO - PALABRAS CLAVES |
| Palabra clave |
Confusión mental primitiva (1895) |
| 653 ## - TÉRMINO INDIZADO - PALABRAS CLAVES |
| Palabra clave |
Estado particular de histeria crepuscular (1897) |
| 700 1# - ENTRADAS SECUNDARIAS - NOMBRE PERSONAL |
| Nombre personal |
Bayle, Antoine-Laurent |
| 9 (RLIN) |
1398 |
| 700 1# - ENTRADAS SECUNDARIAS - NOMBRE PERSONAL |
| Nombre personal |
Cotard, Jules. |
| 9 (RLIN) |
1399 |
| 700 1# - ENTRADAS SECUNDARIAS - NOMBRE PERSONAL |
| Nombre personal |
Chaslin, Philippe. |
| 9 (RLIN) |
1400 |
| 700 1# - ENTRADAS SECUNDARIAS - NOMBRE PERSONAL |
| Nombre personal |
Falret, Jules. |
| 9 (RLIN) |
1401 |
| 700 1# - ENTRADAS SECUNDARIAS - NOMBRE PERSONAL |
| Nombre personal |
Ganser, Sigbert. |
| 9 (RLIN) |
1402 |
| 700 1# - ENTRADAS SECUNDARIAS - NOMBRE PERSONAL |
| Nombre personal |
Ghislain, Joseph. |
| 9 (RLIN) |
1403 |
| 700 1# - ENTRADAS SECUNDARIAS - NOMBRE PERSONAL |
| Nombre personal |
Jackson, John Hughlins. |
| 9 (RLIN) |
1404 |
| 700 1# - ENTRADAS SECUNDARIAS - NOMBRE PERSONAL |
| Nombre personal |
Moreau de Tours, Jacques-Joseph. |
| 9 (RLIN) |
1405 |
| 700 1# - ENTRADAS SECUNDARIAS - NOMBRE PERSONAL |
| Nombre personal |
Lasegue, Charles. |
| 9 (RLIN) |
1406 |
| 700 1# - ENTRADAS SECUNDARIAS - NOMBRE PERSONAL |
| Nombre personal |
Tamburini, Augusto. |
| 9 (RLIN) |
1407 |
| 700 1# - ENTRADAS SECUNDARIAS - NOMBRE PERSONAL |
| Nombre personal |
Meynert, Theodor. |
| 9 (RLIN) |
1408 |
| 930 ## - NUMERO DE INVENTARIO |
| Número de inventario |
773 |
| 942 ## - ADDED ENTRY ELEMENTS (KOHA) |
| Source of classification or shelving scheme |
Dewey Decimal Classification |
| Item type |
Libros |